[Event "TCh-CZE 2002-3"]
[Site "Czech Rep CZE"]
[Date "2003.02.16"]
[Round "7"]
[White "Belunek,V"]
[Black "Sergeev,Vl"]
[Result "1/2-1/2"]
[WhiteElo "2416"]
[BlackElo "2447"]

1.d4 Nf6 2.c4 d6 3.Nc3 Nbd7 4.e4 e5 5.Nf3 g6 6.Be2 Bg7 7.O-O O-O 8.Be3 c6
9.d5 c5 10.Ne1 Ne8 11.Nd3 f5 12.exf5 gxf5 13.f4 e4 14.Nf2 Bxc3 15.bxc3 Ndf6
16.h3 Kh8 17.Kh2 Rg8 18.Rg1 Qe7 19.Rb1 Qg7 20.g3 Qg6 21.Rg2 h5 22.Qd2 Rg7
23.Rh1 Rh7 24.Kg1 Ng7 25.Kf1 Bd7 26.Rhg1 Rf8 27.Qb2 b6 28.Qa3 Ra8  1/2-1/2

[Event "1st NAO GM"]
[Site "Paris FRA"]
[Date "2003.02.18"]
[Round "6"]
[White "David,Alb"]
[Black "Georgiev,Kr"]
[Result "1/2-1/2"]
[WhiteElo "2548"]
[BlackElo "2529"]

1.d4 Nf6 2.c4 g6 3.Nc3 Bg7 4.e4 d6 5.Nf3 O-O 6.Be2 e5 7.O-O Na6 8.Be3 Qe8
9.dxe5 dxe5 10.Nd2 h5 11.h3 Nd7 12.Nb5 Qe7 13.Nxa7 Rxa7 14.Bxa7 b6 15.a4 Rd8
16.a5  1/2-1/2

[Event "1st NAO GM"]
[Site "Paris FRA"]
[Date "2003.02.21"]
[Round "9"]
[White "David,Alb"]
[Black "Husari,Sa"]
[Result "1/2-1/2"]
[WhiteElo "2548"]
[BlackElo "2335"]

1.Nf3 Nf6 2.c4 g6 3.Nc3 Bg7 4.e4 d6 5.d4 O-O 6.Be2 e5 7.O-O exd4 8.Nxd4 Re8
9.f3 Nc6 10.Be3 Nh5 11.Qd2 Nf4 12.Rfd1 Nxd4 13.Bxd4 Qg5 14.Bf1 Bxd4+ 15.Qxd4 Ne6
16.Qf2 Qc5 17.b4 Qxf2+ 18.Kxf2 a5 19.a3 b6 20.g3 Bb7 21.h4 Kg7 22.Bh3 Bc6
23.Nd5 Ra7 24.bxa5 bxa5 25.Bxe6 fxe6 26.Nc3 Rb7 27.Rab1 Reb8 28.Rxb7 Rxb7
29.Rb1 Rxb1 30.Nxb1 Kf6 31.Ke3 h6 32.Nd2 Be8 33.c5 Bb5 34.cxd6 cxd6 35.Nb3 a4
36.Nd4 Bd7 37.Ne2 g5 38.hxg5+ hxg5 39.Kd4 Be8 40.Nc3 Bc6 41.f4 gxf4 42.gxf4 Kg6
43.e5 d5 44.Ke3 Bd7 45.Ne2 Kf5 46.Kf3 Kg6 47.Kg4 Bb5 48.Nd4 Bd7 49.Nf3 Bc8
50.Nd4 Bd7 51.Kh4 Bc8 52.Kh3 Bd7 53.Kg4 Bc8 54.Nb5 Bd7 55.Nd6 d4 56.Kf3 Bc6+
57.Ke2 Kh5 58.f5 exf5 59.Nxf5 Kg5 60.Nxd4 Bd5 61.Ke3 Bb3 62.Ke4 Kg6 63.Kf4 Ba2
64.Nb5 Bb3 65.Nd6 Bc2 66.Ke3 Kg5 67.Kd4 Bb3 68.Nb7 Kf4 69.Nd8 Kf5 70.Nb7 Kf4
71.Nd6 Ba2 72.Ne8 Kf5 73.Nd6+ Kf4 74.Ne4 Bb3 75.Nf6 Kf5 76.Nd5 Ke6 77.Ne3 Ba2
78.Ke4 Bb1+ 79.Kd4 Ba2 80.Nc2 Bb3 81.Nb4 Kf5 82.Na6 Kf4 83.Nc5 Kf5 84.e6 Kf6
85.Kc3 Ke7 86.Nxb3  1/2-1/2

[Event "Open"]
[Site "Cappelle la Grande FRA"]
[Date "2003.02.22"]
[Round "1"]
[White "Pigott,J"]
[Black "Areshchenko,A"]
[Result "0-1"]
[WhiteElo "2382"]
[BlackElo "2566"]

1.c4 Nf6 2.Nc3 g6 3.e4 d6 4.d4 Bg7 5.Nf3 O-O 6.Be2 Nbd7 7.O-O e5 8.Be3 c6
9.d5 c5 10.Ne1 Ne8 11.g4 Bf6 12.Qd2 Be7 13.Kh1 Ng7 14.Rg1 Nf6 15.f3 Bd7 16.Nd3 Qc8
17.a3 b6 18.b4 Rb8 19.Rab1 Nfe8 20.f4 f6 21.f5 g5 22.Kg2 Bd8 23.h4 h6 24.Rh1 a6
25.Kg3 Kf7 26.Rb2 Rg8 27.hxg5 hxg5 28.Rh7 Be7 29.Qe1 b5 30.bxc5 dxc5 31.Qb1 Nd6
32.Nxc5 Nxc4 33.Bxc4 Bxc5 34.d6+ bxc4 35.Rxb8 Qxb8 36.Qxb8 Rxb8 37.Bxc5 a5
38.Rh1 Rb3 39.Rc1 Bc6 40.Kf2 Ke8 41.Ke3 Kd7 42.Kd2 Rb2+ 43.Rc2 Rb8 44.Nd5 Bxd5
45.exd5 Ne8 46.Rxc4 Nxd6 47.Ra4 Rb5 48.Be3 Rxd5+ 49.Kc2 Kc6 50.Bf2 Nxf5 51.gxf5  0-1

[Event "4th ch-Asia"]
[Site "Doha QAT"]
[Date "2003.02.22"]
[Round "1"]
[White "Sasikiran,K"]
[Black "Sharavdorj,D"]
[Result "1-0"]
[WhiteElo "2664"]
[BlackElo "2438"]

1.Nf3 Nf6 2.c4 g6 3.Nc3 Bg7 4.e4 d6 5.d4 O-O 6.Be2 e5 7.Be3 h6 8.O-O Ng4
9.Bc1 Nc6 10.d5 Ne7 11.Nd2 f5 12.Bxg4 fxg4 13.b4 g5 14.c5 Ng6 15.Nc4 Rf7
16.a4 Bf8 17.c6 h5 18.b5 bxc6 19.dxc6 Be6 20.Nd5 Nf4 21.Nce3 Bg7 22.Ra2 Kh8
23.a5 Qg8 24.Ra4 Raf8 25.Ba3 h4 26.Nxg4 Nxg2 27.Kxg2 Rf3 28.Nge3 Bh3+ 29.Kg1 Qf7
30.Nf5 Qh5 31.Nde3 g4 32.Ng2 Bh6 33.Bc1 g3 34.fxg3 Rxf1+ 35.Qxf1 hxg3 36.hxg3 Bxc1
37.Qxc1 Bxg2 38.Kxg2 Qe2+ 39.Kg1  1-0

[Event "4th ch-Asia"]
[Site "Doha QAT"]
[Date "2003.02.22"]
[Round "1"]
[White "Safin,S"]
[Black "Issa,R"]
[Result "0-1"]
[WhiteElo "2529"]
[BlackElo "2331"]

1.d4 Nf6 2.c4 g6 3.Nc3 Bg7 4.e4 d6 5.Nf3 O-O 6.Be2 e5 7.O-O Na6 8.Bg5 Qe8
9.Bxf6 Bxf6 10.c5 exd4 11.Nd5 Bd8 12.Bxa6 c6 13.Qxd4 cxd5 14.Qxd5 dxc5 15.Bxb7 Bxb7
16.Qxb7 Bf6 17.Rae1 Rb8 18.Qxa7 Rxb2 19.e5 Bd8 20.Rb1 Rb5 21.Rxb5 Qxb5 22.a4 Qc6
23.Rc1 Bb6 24.Qe7 Qxa4 25.Qd6 Rd8 26.Qxb6 Rd1+ 27.Ne1 Rxc1 28.Qd8+ Kg7 29.Qf6+ Kh6  0-1

[Event "Open"]
[Site "Cappelle la Grande FRA"]
[Date "2003.02.23"]
[Round "2"]
[White "Pushkov,N"]
[Black "McNab,C"]
[Result "0-1"]
[WhiteElo "2532"]
[BlackElo "2423"]

1.d4 d6 2.Nf3 g6 3.c4 Bg7 4.Nc3 Nd7 5.e4 e5 6.Be2 Ngf6 7.O-O O-O 8.Qc2 c6
9.Rd1 Qc7 10.Be3 Ng4 11.Bg5 exd4 12.Nxd4 Nc5 13.h3 Bxd4 14.Rxd4 Ne6 15.Rd2 Nxg5
16.hxg4 f5 17.Qd3 fxg4 18.Qxd6 Qxd6 19.Rxd6 Be6 20.Rad1 Rae8 21.c5 Bc8 22.Bd3 Kg7
23.b4 Nf7 24.Rd4 Rd8 25.Ne2 Rxd4 26.Nxd4 Kf6 27.f4 gxf3 28.Nxf3 Rd8 29.Kf2 Ne5
30.Nxe5 Kxe5 31.Ke3 Be6 32.a3 Bc4 33.Bc2 Rxd1 34.Bxd1 h5 35.g3 Bf7 36.Be2 a6
37.a4 Bb3 38.b5 Bxa4 39.bxa6 bxa6 40.Bxa6 Bc2 41.Bc4 Bxe4 42.Bf7 Bf5 43.Bc4 g5
44.Be2 Bg4  0-1

[Event "Open"]
[Site "Portsmouth ENG"]
[Date "2003.02.23"]
[Round "5"]
[White "Wells,P"]
[Black "Cherniaev,A1"]
[Result "1/2-1/2"]
[WhiteElo "2486"]
[BlackElo "2504"]

1.d4 d6 2.e4 g6 3.c4 Bg7 4.Nc3 Nf6 5.Nf3 O-O 6.Be2 e5 7.Be3 Na6 8.O-O Ng4
9.Bg5 Qe8 10.dxe5 dxe5 11.Nd2 f6 12.Bxg4 fxg5 13.a3 Nc5 14.Bxc8 Rxc8 15.b4 Ne6
16.c5 Nd4  1/2-1/2

[Event "Open"]
[Site "Cappelle la Grande FRA"]
[Date "2003.02.24"]
[Round "3"]
[White "Harasta,V"]
[Black "Miroshnichenko,E"]
[Result "0-1"]
[WhiteElo "2199"]
[BlackElo "2538"]

1.c4 g6 2.Nf3 Nf6 3.Nc3 Bg7 4.e4 O-O 5.d4 d6 6.Be2 c6 7.O-O e5 8.Re1 Na6
9.Bf1 exd4 10.Nxd4 Qb6 11.Na4 Qa5 12.Bd2 Qc7 13.Bf4 Nh5 14.Be3 Nc5 15.Nc3 Re8
16.Qc2 a5 17.g3 Nf6 18.f3 a4 19.Rad1 Qa5 20.Bf2 Nfd7 21.Kh1 Qb4 22.Qc1 Ne5
23.Be2 Nxc4 24.a3 Qxb2 25.Qxb2 Nxb2 26.Rd2 Nb3 27.Rxb2 Nxd4 28.Rb6 Nxf3 29.Bxf3 Bxc3  0-1

[Event "Open"]
[Site "Cappelle la Grande FRA"]
[Date "2003.02.24"]
[Round "3"]
[White "Woodward,T"]
[Black "Nalbandian,T"]
[Result "0-1"]
[WhiteElo "2185"]
[BlackElo "2465"]

1.d4 Nf6 2.c4 g6 3.Nc3 Bg7 4.e4 d6 5.Nf3 O-O 6.Be2 Na6 7.O-O e5 8.Be3 Qe8
9.dxe5 dxe5 10.h3 Nd7 11.a3 Nac5 12.b4 Ne6 13.c5 Nf4 14.Bc4 a5 15.Qc2 c6
16.Rfd1 Nf6 17.Bf1 N6h5 18.Na4 axb4 19.axb4 f5 20.Bc4+ Kh8 21.Nb6 Rb8 22.Ng5 Bf6
23.Nxc8 Rxc8 24.Nf3 Bg7 25.Rd6 fxe4 26.Ng5 Nf6 27.Nxe4 N4d5 28.Rd1 Nxe4 29.Qxe4 Nc3
30.Qc2 Nxd1 31.Qxd1 Ra8 32.Kh2 e4 33.g3 Qe5 34.Qg4 Ra1 35.Kg2 Qc3 36.Qe2 Rb1  0-1

[Event "Open"]
[Site "Cappelle la Grande FRA"]
[Date "2003.02.24"]
[Round "4"]
[White "Ungureanu,E"]
[Black "Tratar,M"]
[Result "1-0"]
[WhiteElo "2302"]
[BlackElo "2451"]

1.d4 d6 2.Nf3 Nf6 3.c4 g6 4.Nc3 Bg7 5.e4 O-O 6.Be2 e5 7.dxe5 dxe5 8.Qxd8 Rxd8
9.Nd5 Nxd5 10.cxd5 c6 11.Bc4 b5 12.Bb3 Bb7 13.Bg5 Rc8 14.Rc1 Nd7 15.dxc6 Bxc6
16.Be3 Nb6 17.Nd2 Na4 18.Rc2 Bb7 19.Kd1 Bf8 20.f3 Rxc2 21.Kxc2 Rc8+ 22.Kb1 Bc5
23.Bxc5 Nxc5 24.Rc1 Nd3 25.Rxc8+ Bxc8 26.Bd1 Kf8 27.Be2 Nf4 28.Bf1 a6 29.Kc2 Ke7
30.Kc3 Kd6 31.Kb4 Kc6 32.a4 bxa4 33.Kxa4 Ne6 34.b4 Nd4 35.Ka5 Nb5 36.Nb3 Nd4
37.Nc5 Nc2 38.Bxa6 Bxa6 39.Nxa6 Ne1 40.b5+ Kb7 41.Nc5+ Ka8 42.Kb6  1-0

[Event "Open"]
[Site "Cappelle la Grande FRA"]
[Date "2003.02.25"]
[Round "5"]
[White "Aseev,K"]
[Black "Nalbandian,T"]
[Result "1-0"]
[WhiteElo "2556"]
[BlackElo "2465"]

1.d4 Nf6 2.c4 g6 3.Nc3 Bg7 4.e4 d6 5.Nf3 O-O 6.Be2 e5 7.O-O Qe8 8.dxe5 dxe5
9.b4 Nc6 10.b5 Nd4 11.Ba3 c6 12.Re1 Nxe2+ 13.Qxe2 Nh5 14.Qe3 f6 15.bxc6 bxc6
16.Bxf8 Bxf8 17.Nd2 Nf4 18.Nb3 Ba6 19.Ne2 Ne6 20.Rac1 Ba3 21.Rc2 Qd8 22.Rd2 Qb6
23.c5 Nxc5 24.Nxc5 Bxc5 25.Qf3 Rf8 26.Ng3 Bd4 27.h4 h5 28.Rc1 Kg7 29.Rdd1 c5
30.Rb1 Qe6 31.Ne2 Rd8 32.Nc3 Qg4 33.Nd5 f5 34.Qa3 Qe2 35.Rxd4 exd4 36.Qxc5 Kh6
37.Qe7 Qxe4 38.Qg5+ Kg7 39.Qf6+ Kh6 40.Qxd8 Qxb1+ 41.Kh2 Qb7 42.Nc7 Kh7 43.Qe7+ Kg8
44.Qe6+ Kg7 45.Nxa6 d3 46.Qe5+ Kh7 47.Nc5 Qb4 48.Qe7+ Kh6 49.Qg5+  1-0

[Event "4th ch-Asia"]
[Site "Doha QAT"]
[Date "2003.02.27"]
[Round "6"]
[White "Kunte,A"]
[Black "Thipsay,P"]
[Result "1/2-1/2"]
[WhiteElo "2507"]
[BlackElo "2465"]

1.Nf3 Nf6 2.c4 g6 3.Nc3 Bg7 4.e4 d6 5.d4 O-O 6.Be2 Na6 7.O-O e5 8.Re1 Qe8
9.dxe5 dxe5 10.b3 Kh8 11.Ba3 c5 12.Qd6 Nd7 13.Rad1 f6 14.Nb5 Rf7 15.h3 Re7
16.Qd5 Nb6 17.Qd8 Bd7 18.Qxe8+ Bxe8 19.Nh2 Bc6 20.Nc3 Nd7 21.Ng4 Rf7 22.Ne3 Nc7
23.Bg4 Bf8 24.Ncd5 Bxd5 25.Nxd5 Nxd5 26.Rxd5 Nb6 27.Rd3 Be7 28.Bc1 Rff8 29.Red1 Rfd8
30.Bd7 Kg8 31.Be3 Kf7 32.R1d2 Rab8 33.g3 Nxd7 34.Rxd7 Ke8 35.R7d5 a6 36.Kf1 b5
37.Rc2 Rxd5 38.cxd5 Rc8 39.Ke2 Kd7 40.Kd3 f5 41.a4 Bd6 42.axb5 axb5 43.Ra2 c4+
44.bxc4 fxe4+ 45.Kxe4  1/2-1/2

[Event "X Anibal Open"]
[Site "Linares ESP"]
[Date "2003.02.28"]
[Round "1"]
[White "Heinis,V"]
[Black "Arizmendi Martinez,J"]
[Result "0-1"]
[WhiteElo "2211"]
[BlackElo "2520"]

1.d4 Nf6 2.c4 g6 3.Nc3 Bg7 4.e4 d6 5.Be2 O-O 6.Nf3 Na6 7.O-O e5 8.Re1 c6
9.Rb1 exd4 10.Nxd4 Re8 11.Bf3 Ng4 12.h3 Qb6 13.hxg4 Qxd4 14.Bf4 Qxd1 15.Rexd1 Be5
16.g3 Nc5 17.Ne2 a5 18.Rd2 a4 19.Rc1 Kg7 20.Be3 a3 21.b4 Nb3 22.axb3 a2 23.Kg2 a1=Q
24.Rxa1 Rxa1 25.Nf4 Rb1 26.Bd1 Rb2 27.Rd3 h6 28.Kf3 f5 29.exf5 gxf5 30.gxf5 Bxf5
31.Rd2 Rxd2 32.Bxd2 Ra8 33.g4 Ra1 34.Nh5+ Kh7 35.Be2 Bc2 36.Ke3 Rb1 37.f4 Rxb3+
38.Kf2 Bd4+ 39.Kg2 Be4+  0-1

[Event "52nd ch-BUL w"]
[Site "Sofia BUL"]
[Date "2003.02.28"]
[Round "8"]
[White "Genova,R"]
[Black "Bednikova,S"]
[Result "1/2-1/2"]
[WhiteElo "2233"]
[BlackElo "2214"]

1.d4 Nf6 2.c4 g6 3.Nf3 Bg7 4.Nc3 O-O 5.e4 d6 6.Be2 e5 7.O-O Nbd7 8.Qc2 Re8
9.Rd1 Qe7 10.d5 a5 11.b3 Nc5 12.Nd2 Rf8 13.a3 Ne8 14.Rb1 f5 15.f3 f4 16.b4 axb4
17.axb4 Na6 18.b5 Nc5 19.b6 g5 20.bxc7 Nxc7 21.Nb3 N7a6 22.Nb5 Nxb3 23.Rxb3 Nc5
24.Ra3 Ra6 25.Bd2 Bd7 26.Rda1 Rfa8 27.Bb4 Rxa3 28.Rxa3 Rxa3 29.Bxa3 Bxb5
30.cxb5 Qc7 31.Kf1 Bf6  1/2-1/2

[Event "ch-Serbia"]
[Site "Dimitrovgrad YUG"]
[Date "2003.03.01"]
[Round "2"]
[White "Ilic,DB"]
[Black "Arsovic,Z"]
[Result "1/2-1/2"]
[WhiteElo "2306"]
[BlackElo "2420"]

1.d4 Nf6 2.c4 g6 3.Nc3 Bg7 4.Nf3 O-O 5.e4 d6 6.Be2 Nbd7 7.O-O e5 8.Re1 exd4
9.Nxd4 Re8 10.Bf1 c6 11.Nc2 Ne5 12.f3 Be6 13.b3 Nh5 14.Nd4 Qa5 15.Nxe6 Rxe6
16.Bd2 Rae8 17.Rc1 a6 18.a4 Qd8 19.Be3 Nd7 20.g4 Nhf6 21.Bg2 Qa5 22.Ne2 Nc5
23.Kh1 h6 24.Qc2 Qb6 25.Rb1 a5 26.Nf4 R6e7 27.Nd3 Nfd7 28.Nxc5 dxc5 29.Qd2 Kh7
30.h3 Nf8 31.Qf2 Ne6 32.f4 Bd4 33.f5 Bxe3 34.Rxe3 Nd4 35.e5 Qc7 36.e6 fxe6
37.fxg6+ Kxg6 38.Rbe1 Rf7 39.Qh4 Qe7 40.Qh5+ Kg7 41.Re5 Rg8 42.Be4 Qf6 43.g5 hxg5
44.Rxg5+ Kf8 45.Rxg8+ Kxg8 46.Rg1+ Kf8 47.Qxc5+ Ke8 48.Qxa5 Kd7 49.Qb6 Kd6
50.Rd1 e5 51.Qb4+ Kc7 52.Qa5+ Kb8 53.Rg1 Qh8 54.Bg2 Rf3 55.Kh2 Rxb3 56.Rf1 b6
57.Qd2 Qg7 58.Qf2 Rc3 59.a5 bxa5 60.Rb1+ Kc7 61.c5 Rc2 62.Qf1 Ne2 63.Rb6 Qg3+
64.Kh1 Rc1 65.Rxc6+ Kb8 66.Rb6+ Kc8 67.Rc6+  1/2-1/2

[Event "4th ch-Asia"]
[Site "Doha QAT"]
[Date "2003.03.01"]
[Round "8"]
[White "Ghaem Maghami,E"]
[Black "Sasikiran,K"]
[Result "1/2-1/2"]
[WhiteElo "2500"]
[BlackElo "2664"]

1.c4 e5 2.Nc3 d6 3.Nf3 g6 4.d4 Nd7 5.e4 Bg7 6.Be2 Ngf6 7.O-O O-O 8.Re1 b6
9.dxe5 dxe5 10.h3 Bb7 11.Qc2 Nc5 12.Bf1 Re8 13.Bg5 Ne6 14.Rad1 Qb8 15.Be3 c6
16.b4 Bf8 17.Qb2 c5 18.Nd5 Bg7 19.bxc5 Nxe4 20.cxb6 axb6 21.Nxb6 Bc6 22.Rb1 Ra5
23.Nd5 Qa8 24.Qc2 N4c5 25.Bxc5 Rxc5 26.Qb3  1/2-1/2

[Event "57th ch-POL w"]
[Site "Sroda Wlkp POL"]
[Date "2003.03.01"]
[Round "3"]
[White "Worek,J"]
[Black "Kupczyk,E"]
[Result "1/2-1/2"]
[WhiteElo "2236"]
[BlackElo "2091"]

1.d4 Nf6 2.c4 g6 3.Nc3 Bg7 4.Nf3 d6 5.e4 O-O 6.Be2 e5 7.Be3 Ng4 8.Bg5 f6
9.Bh4 Nc6 10.d5 Ne7 11.Nd2 Nh6 12.f3 Nf7 13.Bf2 c5 14.dxc6 bxc6 15.b4 Be6
16.Nb3 f5 17.a4 Qc8  1/2-1/2

[Event "FSIMB March"]
[Site "Budapest HUN"]
[Date "2003.03.02"]
[Round "2"]
[White "Gonda,L"]
[Black "Dencsi,T"]
[Result "1-0"]
[WhiteElo "2317"]
[BlackElo "2225"]

1.d4 Nf6 2.c4 g6 3.Nc3 Bg7 4.e4 d6 5.Nf3 O-O 6.Be2 e5 7.O-O Na6 8.Qc2 Nb4
9.Qb1 exd4 10.Nxd4 Ng4 11.Bxg4 Bxg4 12.Be3 Nc6 13.Nxc6 bxc6 14.Qd3 Qb8 15.b3 Qb4
16.Bd4 Rfe8 17.Bxg7 Kxg7 18.Qd4+ f6 19.f4 Qb6 20.c5 dxc5 21.Qf2 Qb4 22.Qg3 Rad8
23.f5 Qd4+ 24.Kh1 Qd3 25.Qxc7+ Rd7 26.Qxc6  1-0

[Event "X Anibal Open"]
[Site "Linares ESP"]
[Date "2003.03.02"]
[Round "3"]
[White "Pogorelov,R"]
[Black "Tissir,M"]
[Result "1-0"]
[WhiteElo "2517"]
[BlackElo "2366"]

1.Nf3 Nf6 2.c4 g6 3.Nc3 Bg7 4.e4 d6 5.d4 O-O 6.Be2 e5 7.O-O Na6 8.Be3 Ng4
9.Bg5 Qe8 10.dxe5 dxe5 11.h3 h6 12.Bd2 Nf6 13.Be3 Qe7 14.a3 c6 15.b4 Nh5
16.c5 Rd8 17.Qc1 Nf4 18.Bxa6 bxa6 19.Bxf4 exf4 20.e5 Rd3 21.Ne1 Rxc3 22.Qxc3 Bxe5
23.Qc1 Bxa1 24.Qxa1 Bf5 25.Nf3 Re8 26.Re1 Qd8 27.Rxe8+ Qxe8 28.Qf6 Qe6 29.Qd8+ Kg7
30.Qd4+ Kh7 31.Qxf4 Be4 32.Ne5 f5 33.Nf3 Kg7 34.Qc7+ Qf7 35.Qd6 Qd5 36.Ne5 Qxd6
37.cxd6 Kf6 38.f3 Bd5 39.Nxg6 Be6 40.Nf8 Ba2 41.Kf2 f4 42.Ng6 Ke6 43.Nxf4+ Kxd6
44.Ke3 c5 45.g4 Bc4 46.h4 cxb4 47.axb4 Kc6 48.Kd4 Kb5 49.g5 hxg5 50.hxg5 Bg8
51.Nd5 a5 52.bxa5 Kxa5 53.g6 Ka4 54.f4 Kb3 55.f5 a5 56.Nb6  1-0

[Event "11th Fajr Open"]
[Site "Tehran IRI"]
[Date "2003.03.02"]
[Round "5"]
[White "Vahidi,M"]
[Black "Noori,A"]
[Result "1-0"]
[WhiteElo "2239"]
[BlackElo "2209"]

1.c4 Nf6 2.d4 g6 3.Nc3 Bg7 4.e4 d6 5.Nf3 O-O 6.Be2 e5 7.dxe5 dxe5 8.Qxd8 Rxd8
9.Bg5 Re8 10.Nd5 Nxd5 11.cxd5 c6 12.Bc4 cxd5 13.Bxd5 Nc6 14.O-O Bg4 15.Rac1 Rac8
16.a3 Bxf3 17.Bxc6 Rxc6 18.Rxc6 bxc6 19.gxf3 c5 20.Be3 Bf8 21.Rc1 Rb8 22.Rc2 Rb5
23.Kf1 f5 24.Ke2 Kf7 25.Kd3 Ke6 26.Kc4 Rb7 27.Bd2 Rd7 28.Bc3 Rd1 29.Rd2 Rh1
30.Rd5 Bd6 31.Kb5 Rxh2 32.Kc6 Bf8 33.Rxe5+ Kf7 34.exf5 Rxf2 35.fxg6+ hxg6
36.Re3 Bh6 37.Rd3 Bc1 38.b4 cxb4 39.axb4 Re2 40.Bd4 a6 41.Bc5 Ra2 42.Rd7+ Ke6
43.Ra7 g5 44.b5 Rc2 45.Rxa6 Ke5 46.b6 Kf5 47.Ra4 Be3 48.Ra5 Bf4 49.b7 Kg6
50.Ra4 Be5 51.Re4 Bb8 52.Re8 Ba7 53.Re5 Bb8 54.Rd5 Rb2 55.Rd8  1-0

[Event "57th ch-POL w"]
[Site "Sroda Wlkp POL"]
[Date "2003.03.03"]
[Round "5"]
[White "Worek,J"]
[Black "Socko,M"]
[Result "0-1"]
[WhiteElo "2236"]
[BlackElo "2381"]

1.d4 Nf6 2.c4 g6 3.Nc3 Bg7 4.Nf3 d6 5.e4 O-O 6.Be2 e5 7.Be3 Ng4 8.Bg5 f6
9.Bh4 Nc6 10.d5 Ne7 11.Nd2 Nh6 12.f3 c5 13.dxc6 bxc6 14.Bf2 Kh8 15.b4 d5
16.Nb3 d4 17.Na4 f5 18.Nac5 Nhg8 19.Bg3 g5 20.Bd3 Qe8 21.Qc2 f4 22.Bf2 g4
23.Be2 Nf6 24.O-O-O Qg6 25.Rdg1 g3 26.Be1 Nh5 27.Bd3 gxh2 28.Rxh2 Ng3 29.a4 h5
30.a5 Qg5 31.Qd2 Bf6 32.Kb1 h4 33.a6 Qg7 34.Na5 Bg5 35.Nab7 Rf6 36.Qa2 Ng6
37.Qa4 Nf8 38.Nd8 Qc7 39.Ndb7 Nd7 40.Nxd7 Qxd7 41.Nc5 Qc7 42.Bd2 Rb8 43.Kc2 Kg7
44.Ra1 Rh6 45.Qa5 Qxa5 46.Rxa5 Bd8 47.Ra1 Be7 48.Ra5 Bd8 49.Ra4 Kf6 50.Nb3 Kg5
51.c5 Bc7 52.Na5 Bd7 53.Ra1 Rbh8 54.Nc4 Be6 55.Na5 Bxa5 56.Rxa5 Bd7 57.Ra1 h3
58.Rg1 Kf6 59.Kb3 hxg2 60.Rhxg2 Rh1 61.Be1 Rxg1 62.Rxg1 Rh3 63.Rg2 Nh5 64.Be2 Bc8
65.Kc2 Be6 66.Kd2 Bf7 67.Kc2 Ng3 68.Bxg3 fxg3 69.Kd2 Kg5 70.b5 cxb5 71.Bxb5 Rh2
72.Bf1 Bc4 73.Ke1 Rh1 74.Rxg3+ Kf4  0-1

[Event "ch-Serbia w"]
[Site "Dimitrovgrad YUG"]
[Date "2003.03.07"]
[Round "8"]
[White "Popovic,J"]
[Black "Todorovic,V"]
[Result "1/2-1/2"]
[WhiteElo "2042"]
[BlackElo "2153"]

1.d4 Nf6 2.c4 g6 3.Nc3 Bg7 4.e4 d6 5.Nf3 O-O 6.Be2 Na6 7.O-O e5 8.d5 Nc5
9.Qc2 a5 10.b3 Nh5 11.Be3 b6 12.a3 Bd7 13.b4 Nb7 14.Rac1 axb4 15.axb4 f5
16.Ne1 f4 17.Bd2 Qh4 18.Nf3 Qe7 19.Ne1 Qh4 20.Nf3 Qe7 21.Ne1 Nf6 22.f3 g5
23.g4 fxg3 24.hxg3 Nh5 25.Kg2 Nf4+ 26.gxf4 gxf4 27.Rh1 Qg5+ 28.Kf1 Rf6 29.Nd3 Rg6
30.Ke1 Qg3+ 31.Kd1 Bh3 32.Be1 Qg2 33.Rf1 Qh2 34.Rf2 Qh1 35.Kd2 Rg1 36.Nb5 Rc8
37.Na7 Rf8 38.Nb5 Rf7 39.c5 bxc5 40.bxc5 Nxc5 41.Nxc5 dxc5 42.Qxc5 Bf8 43.Qc3 Bh6
44.Nd6 cxd6 45.Qc6 Ra7 46.Ba6 Rd7 47.Bb5  1/2-1/2

[Event "ch-Serbia"]
[Site "Dimitrovgrad YUG"]
[Date "2003.03.08"]
[Round "9"]
[White "Arsovic,Z"]
[Black "Stojanovic,Da"]
[Result "1/2-1/2"]
[WhiteElo "2420"]
[BlackElo "2413"]

1.Nf3 Nf6 2.c4 g6 3.Nc3 Bg7 4.e4 d6 5.d4 O-O 6.Be2 e5 7.Be3 Na6 8.O-O Ng4
9.Bg5 f6 10.Bc1 Kh8 11.Rb1 c6 12.h3 Nh6 13.b4 Nc7 14.b5 c5 15.dxc5 dxc5 16.Qxd8 Rxd8
17.Nd5 Nxd5 18.cxd5 Nf7 19.Be3 b6 20.Nd2 Nd6 21.a4 f5 22.f3 Bf6 23.Rfc1 Kg7
24.Kh2 Bd7 25.Rc2 h5 26.Nc4 Nxc4 27.Rxc4 f4 28.Bf2 h4 29.a5 g5 30.Rc2 Be7
31.Ra2 Bd6 32.Re1 Rab8  1/2-1/2

[Event "57th ch-POL w"]
[Site "Sroda Wlkp POL"]
[Date "2003.03.08"]
[Round "10"]
[White "Worek,J"]
[Black "Zawadzka,J"]
[Result "1/2-1/2"]
[WhiteElo "2236"]
[BlackElo "2335"]

1.d4 Nf6 2.c4 g6 3.Nc3 Bg7 4.Nf3 d6 5.e4 O-O 6.Be2 e5 7.Be3 Ng4 8.Bg5 f6
9.Bh4 g5 10.Bg3 Nh6 11.dxe5 dxe5 12.Qd5+ Nf7 13.c5 c6 14.Qb3 Nd7 15.Qa3 Qe7
16.b4 a5 17.O-O h5 18.h4 g4 19.Ne1 f5 20.exf5 Nf6 21.Nc2 Bxf5 22.Ne3 Be6
23.Rad1 b6 24.b5 cxb5 25.Nxb5 bxc5 26.Bc4 Bxc4 27.Nxc4 Ne4 28.Ne3 Qb7 29.Nc3 Nfd6
30.Nxe4 Nxe4 31.Nc4 Qc7 32.Qe3 Nxg3 33.fxg3 Rad8 34.Rxf8+ Rxf8 35.Qg5 Qf7
36.Nd6 Qf6 37.Qd2 Qe6 38.Ne4 Qc4 39.Qd5+ Qxd5 40.Rxd5 c4 41.Rxa5 Rc8 42.Ra3 Bf8
43.Rc3 Bb4 44.Rc2 Kf7 45.Kf2 Ke6 46.Ke3 Kd5 47.Nf6+ Ke6 48.Ne4 Ba5 49.Rb2 Rc6
50.Rb5 Bb6+ 51.Kd2 Bd4 52.Ng5+ Kf5 53.Rb8 Ra6 54.Rf8+ Kg6 55.Rg8+ Kf6 56.Rc8 Rxa2+
57.Kd1 Rxg2 58.Rxc4 Ke7 59.Ne4 Ke6 60.Ra4 Kf5 61.Nd6+ Ke6 62.Ne4 Rb2 63.Ke1 Rb6
64.Ke2 Kf5 65.Nd2 Rc6 66.Ra8 Rc2  1/2-1/2

[Event "TCh-BEL 2002-3"]
[Site "Belgium BEL"]
[Date "2003.03.09"]
[Round "10"]
[White "Groffen,H"]
[Black "Laurent,B"]
[Result "0-1"]
[WhiteElo "2180"]
[BlackElo "2317"]

1.d4 Nf6 2.Nf3 g6 3.c4 Bg7 4.Nc3 O-O 5.e4 d6 6.Be2 e5 7.O-O Na6 8.Be3 Ng4
9.Bg5 Qe8 10.h3 exd4 11.Nxd4 Nf6 12.Bf3 h6 13.Be3 Nh7 14.Re1 Ng5 15.Ndb5 Nxf3+
16.Qxf3 Be6 17.Nd5 Qd8 18.Bd4 Bxd4 19.Nxd4 Nc5 20.b3 c6 21.Nc3 Qg5 22.Qe3 Qf6
23.f4 Rad8 24.Rad1 Bc8 25.Kh2 Rfe8 26.g3 a5 27.a3 Qg7 28.Qf2 Nxb3 29.e5 Nc5
30.exd6 Rxe1 31.Qxe1 Rxd6 32.Qe8+ Qf8 33.Qe5 Rd8 34.Qc7 a4 35.Nxa4 Rd7 36.Qa5 Nxa4
37.Qxa4 Qd8 38.c5 Rd5 39.Qb4 Qd7 40.g4 b6  0-1

[Event "Spring Festival GM"]
[Site "Bucharest ROM"]
[Date "2003.03.09"]
[Round "7"]
[White "Musat,A"]
[Black "Radovanovic,D"]
[Result "1/2-1/2"]
[WhiteElo "2410"]
[BlackElo "2326"]

1.Nf3 Nf6 2.c4 g6 3.Nc3 Bg7 4.e4 d6 5.d4 O-O 6.Be2 e5 7.Be3 Qe7 8.dxe5 dxe5
9.Nd5 Nxd5 10.cxd5 Qb4+ 11.Nd2 c6 12.Qc2 Qa5 13.Bc4 Bd7 14.O-O cxd5 15.Bxd5 Nc6
16.Qb3 Rab8 17.Rfd1 Nd4 18.Bxd4 exd4 19.Nf3  1/2-1/2

[Event "Jch-RUS b20"]
[Site "Essentuki RUS"]
[Date "2003.03.09"]
[Round "7"]
[White "Kryakvin,D"]
[Black "Kurnosov,I"]
[Result "1/2-1/2"]
[WhiteElo "2423"]
[BlackElo "2477"]

1.d4 Nf6 2.c4 g6 3.Nc3 Bg7 4.e4 d6 5.Nf3 O-O 6.Be2 e5 7.O-O Na6 8.d5 Nc5
9.Qc2 a5 10.Ne1 Nfd7 11.Be3 f5 12.exf5 gxf5 13.f4 exf4 14.Bxf4 Ne5 15.Nf3 Bd7
16.Rae1  1/2-1/2

[Event "Victor Ciocaltea Mem"]
[Site "Bucharest ROM"]
[Date "2003.03.10"]
[Round "7"]
[White "Ionescu,M"]
[Black "Vajda,L"]
[Result "0-1"]
[WhiteElo "2414"]
[BlackElo "2576"]

1.Nf3 Nf6 2.c4 g6 3.Nc3 Bg7 4.e4 d6 5.d4 O-O 6.Be2 e5 7.Be3 Na6 8.O-O Ng4
9.Bg5 Qe8 10.dxe5 dxe5 11.h3 h6 12.Bd2 Nf6 13.Be3 b6 14.a3 Bb7 15.Qc2 Nh5
16.Rfe1 c6 17.b4 Nc7 18.c5 Ne6 19.Rad1 Qe7 20.Rd6 Nhf4 21.Bc4 Rad8 22.Red1 Rxd6
23.Rxd6 Ng5 24.Nh2 Ngxh3+ 25.Kh1 b5 26.Bb3 Qg5 27.g3 Bc8 28.Qd1 Ne6 29.Qf1 Qe7
30.Rxc6 Nhg5 31.Rd6 Bb7 32.f3 Nd4 33.Bd5 Bc8 34.Ba2 Rd8 35.Nd5 Qf8 36.Bxd4 exd4
37.Qxb5 Kh7 38.Rxd8 Qxd8 39.Bb1 f5 40.c6 fxe4 41.c7 Qd6 42.Bxe4 Nxe4 43.fxe4 Qxg3
44.Qe2 Be5 45.Nf1 Qxa3 46.Ne7 Qh3+ 47.Kg1 d3 48.Qf2 Qg4+ 49.Kh1  0-1

[Event "Jch-RUS b20"]
[Site "Essentuki RUS"]
[Date "2003.03.11"]
[Round "9"]
[White "Iljin,A"]
[Black "Kurnosov,I"]
[Result "1-0"]
[WhiteElo "2462"]
[BlackElo "2477"]

1.d4 Nf6 2.c4 g6 3.Nc3 Bg7 4.e4 d6 5.Nf3 O-O 6.Be2 Na6 7.O-O e5 8.Be3 Ng4
9.Bg5 Qe8 10.h3 f6 11.Bc1 Nh6 12.Rb1 f5 13.dxe5 dxe5 14.b4 c6 15.b5 Nc5 16.Ba3 Ne6
17.Bxf8 Qxf8 18.bxc6 bxc6 19.Re1 Nf7 20.Qa4 Bd7 21.Qb4 Qd8 22.c5 Nd4 23.Bc4 f4
24.Nxd4 exd4 25.Ne2 Qf6 26.e5 Qxe5 27.Nxd4 Qf6 28.Qb7 Rd8 29.Qc7 Be8 30.Rb8  1-0

[Event "36th Ladies GM"]
[Site "Belgrade YUG"]
[Date "2003.03.12"]
[Round "8"]
[White "Olarasu,G"]
[Black "Blimke,D"]
[Result "0-1"]
[WhiteElo "2293"]
[BlackElo "2231"]

1.d4 Nf6 2.c4 g6 3.Nc3 Bg7 4.e4 d6 5.Nf3 O-O 6.Be2 e5 7.d5 a5 8.Bg5 h6 9.Bh4 Na6
10.Nd2 Qe8 11.O-O Nh7 12.Kh1 h5 13.f3 Bh6 14.a3 Bd7 15.b3 Be3 16.Qc2 f5 17.exf5 gxf5
18.Bf2 Bxf2 19.Rxf2 Kh8 20.Rg1 Qe7 21.Qb2 Nf6 22.b4 axb4 23.axb4 h4 24.Re1 Nh5
25.Nd1 Qg5 26.Bd3 Rg8 27.Nb1 Rg7 28.c5 Rag8 29.c6 Bc8 30.cxb7 Bxb7 31.Ne3 Ng3+
32.Kg1 Bc8 33.hxg3 hxg3 34.Rd2 Qf4 35.Nxf5 Bxf5 36.Bxa6 Rh7 37.Kf1 Rh2 38.Nc3 Rb8
39.Ne2 Rh1+ 40.Ng1 Rxb4 41.Qc3 Rb3 42.Qxb3 Qxd2 43.Qe3 Qxd5 44.f4 Qa2 45.Be2 exf4
46.Qxf4 Qa7  0-1